000 00466nam a2200169Ia 4500
003 IN-BaIIA
008 211028s9999 xx 000 0 eng d
020 _a978-178250-046-9
040 _cIIA Library
080 _a52
_bKRA
100 _aKraul, Walter
_936169
245 0 _aAstronomy for young and old
_ba beginner`s guide to the visible sky
_cWalter Kraul
260 _aEdinburgh
_bFloris Books
_c2014
300 _a164p.
650 _aAstronomy
_980
942 _cBK
999 _c18937
_d18937